000 00336nam a2200157Ia 4500
100 _aKumbhojkar / G.V
490 _vIII
942 _cBK
654 _amathematics
245 _aEngineering mathematics -III
260 _bC Jamnadas & Co
_aNew york
_c1997
082 _a519
_bKUM
300 _a564
546 _aENGLISH
999 _c20952
_d20952